[Event "Take 5 2026.02"]
[Site "Montreal CAN"]
[Date "2026.02.14"]
[Round "2.9"]
[White "Sairam, Amudan"]
[Black "Bertrand, Brice"]
[Result "1-0"]
[WhiteElo "1557"]
[BlackElo "1393"]
[WhiteFideId "-1"]
[BlackFideId "-1"]
[PlyCount "155"]
[GameId "2281092406882836"]
[EventDate "2026.02.13"]
[EventType "swiss"]
[EventRounds "5"]
[EventCountry "CAN"]

1. e4 e5 2. Nf3 Nf6 3. Nxe5 d6 4. Nf3 Nxe4 5. d4 d5 6. Bd3 Nc6 7. O-O Be7 8. Re1 Bg4 9. Bxe4 dxe4 10. Rxe4 Bxf3 11. gxf3 O-O 12. c3 Qd5 13. c4 Qd7 14. d5 f5 15. Re6 Bf6 16. Nc3 Rad8 17. Bf4 Ne7 18. Nb5 c6 19. Rd6 Qc8 20. dxc6 Nxc6 21. c5 Kh8 22. Rxd8 Nxd8 23. Nxa7 Qe6 24. Qd6 Qf7 25. Rd1 Ne6 26. Re1 Nd4 27. Re3 Rd8 28. Qe7 Qg6+ 29. Kf1 Qh5 30. Qxb7 Qh3+ 31. Ke1 Nc2+ 32. Ke2 Nxe3 33. Bxe3 f4 34. Bxf4 Qe6+ 35. Be3 Qc4+ 36. Ke1 Qc2 37. Kf1 Rd7 38. Kg2 Qg6+ 39. Kh3 Qh5+ 40. Kg2 Qg6+ 41. Kh3 Qf5+ 42. Kg2 Rd5 43. Qc8+ Qxc8 44. Nxc8 Bxb2 45. a4 Bd4 46. Nb6 Bxe3 47. Nxd5 Bxc5 48. a5 Ba7 49. Ne7 g6 50. a6 Kg7 51. Nc6 Bc5 52. a7 Bxa7 53. Nxa7 h5 54. h4 Kf6 55. Kg3 Kf5 56. f4 Ke4 57. Nc6 Kf5 58. Kf3 Kf6 59. Ke4 Ke6 60. Nd4+ Kf6 61. Kd5 Kf7 62. Ke5 Ke7 63. Nf3 Kf7 64. Ng5+ Kg7 65. f5 Kh6 66. Nf3 gxf5 67. Kxf5 Kg7 68. Kg5 Kh7 69. Kxh5 Kg7 70. Kg5 Kh7 71. Kf6 Kh6 72. Ng5 Kh5 73. f4 Kh6 74. f5 Kh5 75. Ke7 Kh6 76. f6 Kg6 77. h5+ Kh6 78. f7 1-0

[Event "Take 5 2026.02"]
[Site "Montreal CAN"]
[Date "2026.02.14"]
[Round "3.1"]
[White "Iordanescu, Victor Nicolae"]
[Black "Duval, Mathieu"]
[Result "1-0"]
[WhiteElo "1932"]
[BlackElo "1899"]
[WhiteFideId "-1"]
[BlackFideId "-1"]
[PlyCount "67"]
[GameId "2281092406882837"]
[EventDate "2026.02.13"]
[EventType "swiss"]
[EventRounds "5"]
[EventCountry "CAN"]

1. Nf3 d5 2. e3 Nd7 3. c4 e6 4. Nc3 Ngf6 5. b3 c6 6. Bb2 Bd6 7. Qc2 O-O 8. Rg1 Ne5 9. Nxe5 Bxe5 10. g4 d4 11. Na4 b5 12. Nc5 Qd6 13. cxb5 dxe3 14. O-O-O Bxb2+ 15. Kxb2 e2 16. Bxe2 cxb5 17. Bxb5 Bd7 18. Nxd7 Nxd7 19. d4 Rfc8 20. Qd2 Nb6 21. Rg3 a6 22. Bd3 Qxd4+ 23. Kb1 g6 24. Rh3 Qh8 25. Bxg6 fxg6 26. Qd6 Qf6 27. Qxb6 Rd8 28. Rhd3 Rf8 29. Rd7 Rac8 30. Qxa6 Qe5 31. Qd3 Qxh2 32. Qd4 e5 33. Qd5+ Kh8 34. Rh1 1-0

[Event "Take 5 2026.02"]
[Site "Montreal CAN"]
[Date "2026.02.14"]
[Round "3.10"]
[White "Nguyen, Marc"]
[Black "Fiset, Anais Chloe"]
[Result "0-1"]
[WhiteElo "1511"]
[BlackElo "1904"]
[WhiteFideId "-1"]
[BlackFideId "-1"]
[PlyCount "54"]
[GameId "2281092406886934"]
[EventDate "2026.02.13"]
[EventType "swiss"]
[EventRounds "5"]
[EventCountry "CAN"]

1. e4 c6 2. d4 d5 3. e5 c5 4. c3 Nc6 5. Nf3 cxd4 6. cxd4 Bg4 7. Bb5 e6 8. Nc3 Nge7 9. h3 Bh5 10. Bg5 Qc7 11. g4 Bg6 12. Rc1 a6 13. Qa4 Rc8 14. Bxc6+ Nxc6 15. O-O Be7 16. Be3 O-O 17. a3 f6 18. exf6 Bxf6 19. Qd1 Be7 20. Ng5 Rf6 21. Nxe6 Rxe6 22. Nxd5 Qd8 23. Nxe7+ Nxe7 24. Qb3 Qd7 25. d5 Rxc1 26. Bxc1 Qxd5 27. Qc3 Nc6 0-1

[Event "Take 5 2026.02"]
[Site "Montreal CAN"]
[Date "2026.02.14"]
[Round "3.2"]
[White "Ivanov Yuan, Maksim"]
[Black "Sambuev, Bator"]
[Result "1/2-1/2"]
[WhiteElo "1704"]
[BlackElo "2543"]
[WhiteFideId "-1"]
[BlackFideId "-1"]
[PlyCount "162"]
[GameId "2281092406886935"]
[EventDate "2026.02.13"]
[EventType "swiss"]
[EventRounds "5"]
[EventCountry "CAN"]

1. e4 e5 2. Nf3 Nc6 3. Bc4 Nf6 4. d3 h6 5. a3 d6 6. Nc3 g6 7. Be3 Bg7 8. h3 a6 9. a4 Na5 10. Ba2 c5 11. O-O Nc6 12. Ne2 O-O 13. Ng3 Re8 14. Qd2 h5 15. Ng5 Re7 16. f4 exf4 17. Rxf4 Be6 18. Nxe6 fxe6 19. Raf1 Nh7 20. Ne2 Qa5 21. Nc3 Be5 22. R4f2 Qb4 23. Bf4 Bxf4 24. Qxf4 Qxb2 25. Bxe6+ Rxe6 26. Qf7+ Kh8 27. Qxe6 Qxc3 28. Qxd6 Rg8 29. Kh1 Qe5 30. Qd7 Nd8 31. Rf3 Qg7 32. Qd5 Qe7 33. e5 Re8 34. e6 Qxe6 35. Qxc5 Kg7 36. Qc7+ Qe7 37. Qb6 Ng5 38. Rf6 Nge6 39. Qb2 Kh7 40. d4 Ng5 41. Qb6 Qg7 42. Qb3 Re7 43. Qd3 Nc6 44. d5 Ne5 45. Qb3 Ne4 46. d6 Rd7 47. Qd5 Nxf6 48. Qxe5 Ng8 49. Qe6 Nh6 50. c4 Rd8 51. c5 Qd7 52. Qd5 Qc6 53. Rf7+ Kg8 54. Qxc6 bxc6 55. Rc7 Nf5 56. Rxc6 Ng3+ 57. Kg1 Ne4 58. Rc7 Nf6 59. Ra7 Ne4 60. Rc7 Nc3 61. d7 Kf7 62. c6 Ke7 63. Ra7 Nd5 64. c7 Nxc7 65. Rxc7 Rxd7 66. Rc4 Kd6 67. Kf2 Kd5 68. Rb4 Kc5 69. Rf4 a5 70. Ke3 Rd6 71. Re4 Rd5 72. g3 Rg5 73. g4 hxg4 74. hxg4 Rd5 75. Re6 g5 76. Re4 Kc6 77. Re6+ Kc5 78. Re4 Kd6 79. Rd4 Ke5 80. Rxd5+ Kxd5 81. Kd3 Kc5 1/2-1/2

[Event "Take 5 2026.02"]
[Site "Montreal CAN"]
[Date "2026.02.14"]
[Round "3.3"]
[White "Kraiouchkine, Nikita"]
[Black "Sun, Jonathan"]
[Result "1/2-1/2"]
[WhiteElo "2243"]
[BlackElo "1961"]
[WhiteFideId "-1"]
[BlackFideId "-1"]
[PlyCount "43"]
[GameId "2281092406886936"]
[EventDate "2026.02.13"]
[EventType "swiss"]
[EventRounds "5"]
[EventCountry "CAN"]

1. e4 c5 2. Nf3 Nc6 3. Bb5 e6 4. O-O Nge7 5. Re1 a6 6. Bf1 d5 7. exd5 Nxd5 8. d4 cxd4 9. Nxd4 Be7 10. Nxc6 bxc6 11. a3 O-O 12. c4 Nf6 13. Qf3 Qc7 14. b3 Bb7 15. Bb2 c5 16. Qh3 Rfd8 17. Bd3 h6 18. Nc3 Qc6 19. Re3 Rd7 20. Ne2 Rad8 21. Nf4 Bd6 22. Nd5 1/2-1/2

[Event "Take 5 2026.02"]
[Site "Montreal CAN"]
[Date "2026.02.14"]
[Round "3.4"]
[White "Kiryakov, Marin"]
[Black "Qi, Jason"]
[Result "0-1"]
[WhiteElo "1824"]
[BlackElo "1922"]
[WhiteFideId "-1"]
[BlackFideId "-1"]
[PlyCount "50"]
[GameId "2281092406891033"]
[EventDate "2026.02.13"]
[EventType "swiss"]
[EventRounds "5"]
[EventCountry "CAN"]

1. e4 c5 2. Nf3 e6 3. d4 cxd4 4. Nxd4 Nc6 5. Nc3 Qc7 6. Be3 a6 7. g4 b5 8. Nxc6 dxc6 9. Qf3 Nf6 10. g5 Nd7 11. O-O-O e5 12. h4 Be7 13. h5 O-O 14. Qg3 Bc5 15. h6 Bxe3+ 16. Qxe3 g6 17. Bh3 Nb6 18. Ne2 Bxh3 19. Qxh3 Rad8 20. f4 b4 21. f5 Qe7 22. Qg3 a5 23. Rdf1 Qd6 24. fxg6 fxg6 25. Rd1 Qc5 0-1

[Event "Take 5 2026.02"]
[Site "Montreal CAN"]
[Date "2026.02.14"]
[Round "3.5"]
[White "Turcotte, Jonathan"]
[Black "Sairam, Amudan"]
[Result "1-0"]
[WhiteElo "1995"]
[BlackElo "1557"]
[WhiteFideId "-1"]
[BlackFideId "-1"]
[PlyCount "51"]
[GameId "2281092406891034"]
[EventDate "2026.02.13"]
[EventType "swiss"]
[EventRounds "5"]
[EventCountry "CAN"]

1. d4 Nf6 2. c4 g6 3. Nc3 Bg7 4. e4 d6 5. Be2 O-O 6. Nf3 Nc6 7. O-O e5 8. d5 Ne7 9. b4 Ne8 10. c5 f5 11. Nd2 a6 12. a4 Nf6 13. Ba3 dxc5 14. bxc5 fxe4 15. d6 Nc6 16. Ndxe4 Be6 17. Ng5 Qd7 18. dxc7 h6 19. Nxe6 Qxe6 20. Rb1 Ra7 21. Qd6 Qc8 22. Bc4+ Kh7 23. Be6 Qa8 24. Qxf8 Qxf8 25. c8=Q Qxc8 26. Bxc8 1-0

[Event "Take 5 2026.02"]
[Site "Montreal CAN"]
[Date "2026.02.14"]
[Round "3.6"]
[White "Gamache, Lucien"]
[Black "Wolsen Trudeau, Izaak"]
[Result "0-1"]
[WhiteElo "1628"]
[BlackElo "1468"]
[WhiteFideId "-1"]
[BlackFideId "-1"]
[PlyCount "66"]
[GameId "2281092406891035"]
[EventDate "2026.02.13"]
[EventType "swiss"]
[EventRounds "5"]
[EventCountry "CAN"]

1. e4 c5 2. Nf3 e6 3. g3 d5 4. exd5 exd5 5. Bg2 Nf6 6. O-O Be7 7. d4 O-O 8. dxc5 Bxc5 9. Nbd2 Nc6 10. Nb3 Bb6 11. c3 Bg4 12. h3 Bh5 13. g4 Bg6 14. Nfd4 Re8 15. f4 Be4 16. f5 Bxg2 17. Kxg2 Ne4 18. Bf4 Bc7 19. Bxc7 Qxc7 20. Ne2 Rad8 21. Qe1 Ne5 22. Nf4 Nc4 23. Rd1 Nf6 24. Ne6 fxe6 25. fxe6 Qb6 26. Nd4 Rd6 27. b3 Rdxe6 28. Nxe6 Rxe6 29. bxc4 Rxe1 30. Rdxe1 dxc4 31. g5 Qc6+ 32. Rf3 Ne4 33. h4 Nd2 0-1

[Event "Take 5 2026.02"]
[Site "Montreal CAN"]
[Date "2026.02.14"]
[Round "3.7"]
[White "Goldner, John"]
[Black "Coquilla, Konner-Virgo"]
[Result "0-1"]
[WhiteElo "1568"]
[BlackElo "1296"]
[WhiteFideId "-1"]
[BlackFideId "-1"]
[PlyCount "100"]
[GameId "2281092406895132"]
[EventDate "2026.02.13"]
[EventType "swiss"]
[EventRounds "5"]
[EventCountry "CAN"]

1. e4 c5 2. Nf3 e6 3. Nc3 Nc6 4. d4 cxd4 5. Nxd4 Nf6 6. Ndb5 Bb4 7. a3 Bxc3+ 8. Nxc3 O-O 9. Qd6 Qb6 10. Bd3 Re8 11. O-O Qd4 12. Qg3 a6 13. Rb1 d5 14. Re1 Bd7 15. Kh1 dxe4 16. Nxe4 Nxe4 17. Rxe4 Qf6 18. Rh4 g6 19. Ra1 Ne5 20. Be2 Bc6 21. Bd2 Nd7 22. Bc3 e5 23. Rf1 Nc5 24. Bd3 Nxd3 25. cxd3 Bb5 26. Qh3 Bxd3 27. Rd1 Bf5 28. Qg3 Rad8 29. Re1 Qd6 30. Qg5 f6 31. Qh6 Qd7 32. h3 Qg7 33. Qe3 Rd3 34. Qb6 Red8 35. Rb4 Bc8 36. Rc4 R3d6 37. Qb4 Be6 38. Rg4 Bxg4 39. Qxg4 Qd7 40. Qc4+ Kg7 41. Kh2 Rd1 42. Re3 Qc6 43. Qb4 R8d7 44. Qg4 Qd6 45. Bb4 Qd4 46. Qe6 Qf4+ 47. Rg3 Qxf2 48. Qe8 Rh1+ 49. Kxh1 Rd1+ 50. Kh2 Qg1# 0-1

[Event "Take 5 2026.02"]
[Site "Montreal CAN"]
[Date "2026.02.14"]
[Round "3.8"]
[White "Longpre, Martin"]
[Black "Robillard, Guillaume"]
[Result "1/2-1/2"]
[WhiteElo "1594"]
[BlackElo "1701"]
[WhiteFideId "-1"]
[BlackFideId "-1"]
[PlyCount "79"]
[GameId "2281092406895133"]
[EventDate "2026.02.13"]
[EventType "swiss"]
[EventRounds "5"]
[EventCountry "CAN"]

1. e4 c5 2. d4 cxd4 3. Qxd4 Nc6 4. Qd3 g6 5. Nc3 Bg7 6. Nf3 d6 7. Nd5 e6 8. Nf4 Qc7 9. c3 Nf6 10. Be3 O-O 11. Qc2 Ng4 12. Bd2 Qb6 13. Nd3 d5 14. exd5 exd5 15. h3 Re8+ 16. Be2 Nce5 17. Nfxe5 Nxe5 18. Nxe5 Rxe5 19. Be3 Qc6 20. O-O Bf5 21. Bd3 Be4 22. f3 Bxd3 23. Qxd3 Rae8 24. Bd4 Re2 25. Bxg7 Kxg7 26. Qd4+ Kg8 27. Rf2 Qb5 28. b3 a5 29. Rd1 Rxf2 30. Qxf2 Re2 31. Qg3 Qc5+ 32. Kh2 Qxc3 33. Rxd5 Rxa2 34. Qb8+ Kg7 35. Qe5+ Qxe5+ 36. Rxe5 a4 37. b4 Rb2 38. Rb5 a3 39. Rxb7 a2 40. Ra7 1/2-1/2

[Event "Take 5 2026.02"]
[Site "Montreal CAN"]
[Date "2026.02.14"]
[Round "3.9"]
[White "Bozkurt, Berk"]
[Black "Kolodner, Garry"]
[Result "0-1"]
[WhiteElo "1351"]
[BlackElo "1680"]
[WhiteFideId "-1"]
[BlackFideId "-1"]
[PlyCount "68"]
[GameId "2281092406895134"]
[EventDate "2026.02.13"]
[EventType "swiss"]
[EventRounds "5"]
[EventCountry "CAN"]

1. d4 Nf6 2. c4 e6 3. Nc3 Bb4 4. Qc2 d5 5. cxd5 exd5 6. Bg5 c6 7. Nf3 h6 8. Bxf6 Qxf6 9. a3 Bxc3+ 10. Qxc3 O-O 11. e3 Bf5 12. Bd3 Nd7 13. Bxf5 Qxf5 14. O-O a5 15. b4 Nb6 16. Nd2 axb4 17. axb4 Rfb8 18. Rxa8 Rxa8 19. Qb2 Qd3 20. Rc1 Nc4 21. Nxc4 dxc4 22. h3 b5 23. Rc3 Qd1+ 24. Kh2 Qa1 25. Qc2 g6 26. Qd2 Ra2 27. Rc2 Rxc2 28. Qxc2 Qa4 29. Qe4 Qxb4 30. Qe8+ Kg7 31. Qe5+ Kf8 32. Qb8+ Ke7 33. Qc7+ Ke6 34. Qxc6+ Qd6+ 0-1

[Event "Take 5 2026.02"]
[Site "Montreal CAN"]
[Date "2026.02.15"]
[Round "4.1"]
[White "Qi, Jason"]
[Black "Iordanescu, Victor Nicolae"]
[Result "0-1"]
[WhiteElo "1922"]
[BlackElo "1932"]
[WhiteFideId "-1"]
[BlackFideId "-1"]
[PlyCount "96"]
[GameId "2281092406899231"]
[EventDate "2026.02.13"]
[EventType "swiss"]
[EventRounds "5"]
[EventCountry "CAN"]

1. e4 c5 2. Nf3 Nc6 3. d4 cxd4 4. Nxd4 Nf6 5. Nc3 d6 6. Bg5 Bd7 7. Qd2 Nxd4 8. Qxd4 h6 9. Bxf6 gxf6 10. O-O-O Qa5 11. f4 Rc8 12. Be2 h5 13. Kb1 Qc5 14. Qd3 f5 15. e5 Bg7 16. Rhe1 Be6 17. exd6 exd6 18. Qb5+ Ke7 19. Qxc5 Rxc5 20. Nb5 Rhc8 21. c3 Rd8 22. Nd4 h4 23. Bf3 Kd7 24. Bxb7 Rb8 25. Ba6 Ra5 26. Nxe6 Bxc3 27. Re2 fxe6 28. Bc4 e5 29. Rd3 Bd4 30. Rh3 Rc5 31. Bb3 Rb4 32. Rxh4 a5 33. Rh7+ Kc6 34. Be6 exf4 35. a3 Rb8 36. h4 Re5 37. Rc2+ Bc5 38. Bd7+ Kd5 39. Ka2 Kd4 40. Rf7 Rh8 41. Bxf5 Rxh4 42. Rd2+ Ke3 43. Rd3+ Ke2 44. Rf3 Re3 45. Rxe3+ fxe3 46. g4 Kd2 47. g5 e2 48. g6 Bd4 0-1

[Event "Take 5 2026.02"]
[Site "Montreal CAN"]
[Date "2026.02.15"]
[Round "4.10"]
[White "Bozkurt, Berk"]
[Black "Nguyen, Marc"]
[Result "1-0"]
[WhiteElo "1351"]
[BlackElo "1511"]
[WhiteFideId "-1"]
[BlackFideId "-1"]
[PlyCount "90"]
[GameId "2281092406899232"]
[EventDate "2026.02.13"]
[EventType "swiss"]
[EventRounds "5"]
[EventCountry "CAN"]

1. d4 Nf6 2. c4 g6 3. Nc3 Bg7 4. e4 d6 5. Be2 c6 6. Be3 Na6 7. Qd2 h6 8. Rc1 Nc7 9. Nf3 Ng4 10. Bf4 O-O 11. h3 e5 12. hxg4 exf4 13. Qxf4 Ne6 14. Qd2 g5 15. g3 Nc7 16. Nh2 Qf6 17. Rd1 Ne6 18. Nf3 Nc7 19. Qc2 Bxg4 20. e5 Qf5 21. Qxf5 Bxf5 22. exd6 Ne6 23. O-O Rad8 24. c5 b6 25. b4 bxc5 26. bxc5 Nxc5 27. dxc5 Bxc3 28. Nd4 Bxd4 29. Rxd4 Rfe8 30. Bf3 Bd7 31. Rb4 Re5 32. Rc1 Be8 33. Rb7 f5 34. Rc7 f4 35. gxf4 gxf4 36. Bxc6 Bg6 37. Bb5 a6 38. Bc4+ Kh8 39. f3 Rg5+ 40. Kf2 Rh5 41. Rg1 Rb8 42. Bb3 Re8 43. Rxg6 Rh2+ 44. Rg2 Rxg2+ (44... Re2+ 45. Kxe2 Rxg2+ 46. Kd3 Rg3 47. Ke4 Rg1 48. d7) 45. Kxg2 Re2+ 1-0

[Event "Take 5 2026.02"]
[Site "Montreal CAN"]
[Date "2026.02.15"]
[Round "4.2"]
[White "Duval, Mathieu"]
[Black "Sambuev, Bator"]
[Result "0-1"]
[WhiteElo "1899"]
[BlackElo "2543"]
[WhiteFideId "-1"]
[BlackFideId "-1"]
[PlyCount "126"]
[GameId "2281092406899233"]
[EventDate "2026.02.13"]
[EventType "swiss"]
[EventRounds "5"]
[EventCountry "CAN"]

1. d4 Nf6 2. c4 e6 3. Nc3 Bb4 4. e3 c5 5. Bd2 cxd4 6. exd4 d5 7. a3 Be7 8. Nf3 O-O 9. cxd5 Nxd5 10. Bc4 Nxc3 11. Bxc3 Nd7 12. O-O Nb6 13. Ba2 Bd7 14. Ba5 Bc6 15. Ne5 Bd5 16. Bxb6 axb6 17. Bb1 g6 18. Re1 b5 19. Qg4 Bf6 20. b4 Qd6 21. Qf4 Qe7 22. Be4 Rfd8 23. Qf3 Bxe4 24. Rxe4 Rd5 25. Rae1 Rad8 26. Qe2 Rxd4 27. Rxd4 Rxd4 28. Ng4 Bg7 29. g3 Qd7 30. Rc1 h5 31. Ne3 Rd2 32. Rc7 Qxc7 33. Qxd2 Bh6 34. Qd3 Qc1+ 35. Kg2 Qc6+ 36. Kg1 Qf3 37. Qxb5 Bxe3 38. fxe3 Qxe3+ 39. Kf1 Qe4 40. a4 Qh1+ 41. Kf2 Qxh2+ 42. Kf3 Qh3 43. Kf2 h4 44. gxh4 Qxh4+ 45. Kf1 Qf4+ 46. Kg1 Qg3+ 47. Kf1 Qf3+ 48. Ke1 Qe4+ 49. Kf2 e5 50. a5 Qf4+ 51. Ke2 Qe4+ 52. Kf2 g5 53. Qb6 g4 54. Qd8+ Kh7 55. Qf6 Qd4+ 56. Kg3 Kg8 57. b5 Qd3+ 58. Kxg4 Qxb5 59. Qd8+ Kg7 60. Qg5+ Kf8 61. Qd8+ Qe8 62. Qd6+ Qe7 63. Qh6+ Ke8 0-1

[Event "Take 5 2026.02"]
[Site "Montreal CAN"]
[Date "2026.02.15"]
[Round "4.3"]
[White "Chiku-Ratte, Olivier-Kenta"]
[Black "Sun, Jonathan"]
[Result "1-0"]
[WhiteElo "2402"]
[BlackElo "1961"]
[WhiteFideId "-1"]
[BlackFideId "-1"]
[PlyCount "69"]
[GameId "2281092406903330"]
[EventDate "2026.02.13"]
[EventType "swiss"]
[EventRounds "5"]
[EventCountry "CAN"]

1. d4 Nf6 2. c4 g6 3. Nc3 Bg7 4. e4 d6 5. Be2 O-O 6. Be3 e5 7. d5 a5 8. g4 Na6 9. f3 Nc5 10. Qd2 a4 11. O-O-O Bd7 12. h4 c6 13. h5 cxd5 14. exd5 e4 15. hxg6 fxg6 16. g5 Nh5 17. Bxc5 dxc5 18. Nxe4 a3 19. b3 Bf5 20. Bd3 Bxe4 21. Bxe4 Qe7 22. d6 Bb2+ 23. Kc2 Qg7 24. Ne2 Rad8 25. Qd5+ Kh8 26. Qxc5 b5 27. cxb5 Ng3 28. Nxg3 Rc8 29. Bc6 Ba1 30. Rxh7+ Kxh7 31. Rh1+ Kg8 32. Bd5+ Qf7 33. Bxf7+ Kg7 34. Qxc8 Rxc8+ 35. Bc4 1-0

[Event "Take 5 2026.02"]
[Site "Montreal CAN"]
[Date "2026.02.15"]
[Round "4.4"]
[White "Turcotte, Jonathan"]
[Black "Coquilla, Konner-Virgo"]
[Result "1-0"]
[WhiteElo "1995"]
[BlackElo "1296"]
[WhiteFideId "-1"]
[BlackFideId "-1"]
[PlyCount "59"]
[GameId "2281092406903331"]
[EventDate "2026.02.13"]
[EventType "swiss"]
[EventRounds "5"]
[EventCountry "CAN"]

1. c4 e6 2. d4 d5 3. Nf3 Nf6 4. Nc3 Be7 5. Bg5 O-O 6. e3 Nbd7 7. Rc1 c6 8. Bd3 dxc4 9. Bxc4 Nd5 10. Bxe7 Qxe7 11. O-O Nxc3 12. Rxc3 e5 13. Bb3 Kh8 14. Qc2 e4 15. Nd2 f5 16. Rc1 Nb6 17. Rc5 Qd6 18. a4 Be6 19. a5 Nd5 20. Nc4 Qe7 21. Ne5 Nb4 22. Qd1 Na6 23. R5c3 Rad8 24. Bxe6 Qxe6 25. Qb3 Qe7 26. g3 c5 27. Rxc5 Nxc5 28. Rxc5 Rd6 29. Qc4 Qe6 30. Nf7+ 1-0

[Event "Take 5 2026.02"]
[Site "Montreal CAN"]
[Date "2026.02.15"]
[Round "4.5"]
[White "Wolsen Trudeau, Izaak"]
[Black "Fiset, Anais Chloe"]
[Result "0-1"]
[WhiteElo "1468"]
[BlackElo "1904"]
[WhiteFideId "-1"]
[BlackFideId "-1"]
[PlyCount "78"]
[GameId "2281092406903332"]
[EventDate "2026.02.13"]
[EventType "swiss"]
[EventRounds "5"]
[EventCountry "CAN"]

1. e4 c6 2. d4 d5 3. e5 c5 4. c3 Nc6 5. Nf3 cxd4 6. cxd4 Bg4 7. Be2 e6 8. Be3 Nge7 9. Nc3 Nf5 10. O-O Be7 11. Qd2 O-O 12. Rad1 f6 13. exf6 Bxf6 14. Ne1 Bxe2 15. Nxe2 Rc8 16. b3 Qd7 17. Nf3 Nd6 18. Qb2 Ne4 19. Ng3 h6 20. Ne5 Bxe5 21. dxe5 Nxg3 22. hxg3 b6 23. Rfe1 Qf7 24. Bd4 Qf5 25. f4 Rc7 26. Bc3 Rfc8 27. Rc1 Qg4 28. Kf2 Ne7 29. Qd2 Nf5 30. Qd3 Nxg3 31. Bd2 Ne4+ 32. Kg1 Qh4 33. Rf1 Rxc1 34. Bxc1 Ng3 35. Rd1 Qh1+ 36. Kf2 Ne4+ 37. Kf3 Qh5+ 38. g4 Qh3+ 39. Ke2 Qg2+ 0-1

[Event "Take 5 2026.02"]
[Site "Montreal CAN"]
[Date "2026.02.15"]
[Round "4.6"]
[White "Kolodner, Garry"]
[Black "Gamache, Lucien"]
[Result "1/2-1/2"]
[WhiteElo "1680"]
[BlackElo "1628"]
[WhiteFideId "-1"]
[BlackFideId "-1"]
[PlyCount "111"]
[GameId "2281092406907429"]
[EventDate "2026.02.13"]
[EventType "swiss"]
[EventRounds "5"]
[EventCountry "CAN"]

1. e4 d5 2. exd5 Qxd5 3. d4 Nc6 4. Nf3 Bg4 5. c4 Qh5 6. d5 Bxf3 7. Qxf3 Qxf3 8. gxf3 Nd4 9. Na3 e6 10. Be3 Bxa3 11. Bxd4 Bb4+ 12. Bc3 Bxc3+ 13. bxc3 exd5 14. cxd5 Nf6 15. Bb5+ Ke7 16. O-O-O a6 17. Ba4 Kd6 18. c4 Nd7 19. Bxd7 Kxd7 20. Rhg1 g6 21. Kd2 Rhe8 22. Rge1 Kd6 23. Kc3 Kc5 24. Re4 Rxe4 25. fxe4 b5 26. a3 Re8 27. f3 f5 28. cxb5 axb5 29. Kd3 fxe4+ 30. fxe4 Ra8 31. Rc1+ Kd6 32. Rc6+ Ke5 33. Re6+ Kf4 34. Re7 Rxa3+ 35. Kd4 Ra4+ 36. Kc5 Rxe4 37. Rxh7 Re5 38. Rxc7 Ke4 39. Rd7 b4 40. Kc4 b3 41. d6 b2 42. Rb7 Rd5 43. Rxb2 Rxd6 44. Kc5 Rd8 45. Rg2 Kf5 46. h4 Rh8 47. Rg5+ Kf6 48. Rg4 Rd8 49. Rg1 Rd2 50. Rf1+ Kg7 51. Rf4 Rg2 52. Kd4 Kh6 53. Ke3 Kh5 54. Kf3 Rg1 55. Ra4 Rh1 56. Kg3 1/2-1/2

[Event "Take 5 2026.02"]
[Site "Montreal CAN"]
[Date "2026.02.15"]
[Round "4.7"]
[White "Sairam, Amudan"]
[Black "Kiryakov, Marin"]
[Result "0-1"]
[WhiteElo "1557"]
[BlackElo "1824"]
[WhiteFideId "-1"]
[BlackFideId "-1"]
[PlyCount "64"]
[GameId "2281092406907430"]
[EventDate "2026.02.13"]
[EventType "swiss"]
[EventRounds "5"]
[EventCountry "CAN"]

1. e4 c5 2. Nc3 Nc6 3. Nf3 e6 4. d4 cxd4 5. Nxd4 Nf6 6. Be2 Bb4 7. f3 d5 8. Nxc6 bxc6 9. Bd2 O-O 10. exd5 cxd5 11. O-O a5 12. Kh1 Ba6 13. a3 Bxe2 14. Nxe2 Bd6 15. Bg5 Qb8 16. Qd4 Be5 17. Qh4 Qxb2 18. f4 Qxa1 19. Rxa1 Bxa1 20. c3 Ne4 21. Qe1 Bb2 22. a4 Rfc8 23. Bh4 Nxc3 24. h3 Nxa4 25. f5 exf5 26. Qg3 Nc5 27. Qd6 a4 28. Nf4 a3 29. Nxd5 a2 30. Ne7+ Kh8 31. Nxc8 a1=Q+ 32. Kh2 Be5+ 0-1

[Event "Take 5 2026.02"]
[Site "Montreal CAN"]
[Date "2026.02.15"]
[Round "4.8"]
[White "Robillard, Guillaume"]
[Black "Goldner, John"]
[Result "0-1"]
[WhiteElo "1701"]
[BlackElo "1568"]
[WhiteFideId "-1"]
[BlackFideId "-1"]
[PlyCount "110"]
[GameId "2281092406907431"]
[EventDate "2026.02.13"]
[EventType "swiss"]
[EventRounds "5"]
[EventCountry "CAN"]

1. e4 e5 2. Nf3 Nc6 3. Bb5 a6 4. Ba4 Nf6 5. O-O b5 6. Bb3 Bb7 7. Re1 Bc5 8. c3 Ng4 9. d4 exd4 10. cxd4 Nxd4 11. Nxd4 Qh4 12. Be3 Qxh2+ 13. Kf1 Qh1+ 14. Ke2 Qxg2 15. Nc3 Nxe3 16. Kxe3 Qg5+ 17. Kd3 Bxd4 18. Kxd4 c5+ 19. Kd3 c4+ 20. Bxc4 bxc4+ 21. Kxc4 Rc8+ 22. Kb3 O-O 23. Qxd7 Rfd8 24. Qf5 Qxf5 25. exf5 Re8 26. Re3 Bc6 27. Rg1 Rb8+ 28. Kc2 Rbc8 29. Reg3 g6 30. fxg6 fxg6 31. f4 Be4+ 32. Kb3 Rb8+ 33. Ka3 Bf5 34. Nd5 Kf7 35. Rc3 Re2 36. b3 Rb5 37. Nc7 Ra5+ 38. Kb4 Raxa2 39. Rh1 h5 40. Rd1 a5+ 41. Kc5 Rec2 42. Rc1 Rxc1 43. Rxc1 Rc2+ 44. Rxc2 Bxc2 45. Nd5 a4 46. bxa4 Bxa4 47. Ne3 h4 48. Kd4 Bc6 49. Nf1 h3 50. Nh2 Kf6 51. Ke3 Bg2 52. Nf3 Bxf3 53. Kxf3 h2 54. Kg2 Kf5 55. Kxh2 Kxf4 0-1

[Event "Take 5 2026.02"]
[Site "Montreal CAN"]
[Date "2026.02.15"]
[Round "4.9"]
[White "Bertrand, Brice"]
[Black "Longpre, Martin"]
[Result "0-1"]
[WhiteElo "1393"]
[BlackElo "1594"]
[WhiteFideId "-1"]
[BlackFideId "-1"]
[PlyCount "120"]
[GameId "2281092406907432"]
[EventDate "2026.02.13"]
[EventType "swiss"]
[EventRounds "5"]
[EventCountry "CAN"]

1. c4 c6 2. e4 d5 3. cxd5 cxd5 4. exd5 Nf6 5. Nc3 Nxd5 6. Bc4 Nb6 7. Bb3 Nc6 8. Nf3 Bf5 9. d4 e6 10. O-O Bd6 11. Bg5 Be7 12. Bf4 a6 13. Qd2 O-O 14. Rad1 Nb4 15. a3 N4d5 16. Bg3 Rc8 17. Rc1 Nxc3 18. Rxc3 Rxc3 19. Qxc3 Nd5 20. Bxd5 Qxd5 21. Qc7 Bf6 22. Rd1 Be4 23. Qf4 Rd8 24. Bh4 Bxf3 25. gxf3 Bxh4 26. Qxh4 f6 27. Qe4 e5 28. Kf1 exd4 29. Qxd5+ Rxd5 30. Ke2 Kf7 31. Kd3 Ke6 32. Re1+ Re5 33. Re4 Kd6 34. Rxd4+ Rd5 35. b4 Ke6 36. Rxd5 Kxd5 37. f4 b6 38. h4 g6 39. a4 h6 40. f3 h5 41. b5 axb5 42. axb5 Kc5 43. Ke4 Kxb5 44. f5 gxf5+ 45. Kxf5 Kc4 46. f4 b5 47. Kxf6 b4 48. Kg7 b3 49. f5 b2 50. f6 b1=Q 51. f7 Qg1+ 52. Kf6 Qf2+ 53. Kg7 Qd4+ 54. Kg8 Qg4+ 55. Kh7 Qf5+ 56. Kg7 Kd4 57. f8=Q Qxf8+ 58. Kxf8 Ke4 59. Kg7 Kf4 60. Kg6 Kg4 0-1

[Event "Take 5 2026.02"]
[Site "Montreal CAN"]
[Date "2026.02.15"]
[Round "5.1"]
[White "Iordanescu, Victor Nicolae"]
[Black "Chiku-Ratte, Olivier-Kenta"]
[Result "0-1"]
[WhiteElo "1932"]
[BlackElo "2402"]
[WhiteFideId "-1"]
[BlackFideId "-1"]
[PlyCount "70"]
[GameId "2281092406907433"]
[EventDate "2026.02.13"]
[EventType "swiss"]
[EventRounds "5"]
[EventCountry "CAN"]

1. Nf3 Nf6 2. b3 d5 3. Bb2 c5 4. e3 a6 5. g3 Nc6 6. Bg2 d4 7. O-O g6 8. d3 Bg7 9. c4 O-O 10. exd4 cxd4 11. Na3 Nd7 12. Nc2 Qb6 13. b4 e5 14. c5 Qc7 15. a4 a5 16. b5 Nb4 17. c6 bxc6 18. Nxb4 axb4 19. Nd2 Bb7 20. bxc6 Bxc6 21. Qc2 Ra6 22. Rfc1 Nb8 23. Nb3 Qe7 24. Qc5 Qe6 25. Qc4 Qf5 26. Qxb4 Bxg2 27. Kxg2 Rf6 28. Qe1 Bh6 29. Rd1 Rb6 30. Bc1 Bxc1 31. Nxc1 g5 32. a5 Rh6 33. Qh1 Rf6 34. Rd2 e4 35. dxe4 Qxe4+ 0-1